000 00460nam a2200181Ia 4500
008 151202s9999||||xx |||||||||||||| ||und||
082 _bPNVM-6134
100 _aHUXLEY JULIAN.
245 _aON LIVING IN A REVOLUTION.
260 _bCHATTO WINDUS LONDON.
260 _c1934
300 _a196
600 _aHUXLEY JULIAN.
630 _aON LIVING IN A REVOLUTION.
700 _aHUXLEY JULIAN.
730 _aON LIVING IN A REVOLUTION.
942 _cBOOK
999 _c1272128
_d1272125